[Event "Uzhgorod"]
[Site "Uzhgorod"]
[Date "1987.??.??"]
[Round "?"]
[White "Giorgadze, Giorgi"]
[Black "Shneider, Aleksandr"]
[Result "1/2-1/2"]
[WhiteElo "2380"]
[BlackElo "2470"]

1.d4 Nf6 2.c4 e6 3.Nf3 b6 4.Nc3 Bb4 5.Qc2 Bb7 6.Bg5 c5 7.dxc5 bxc5 8.e3 Qa5
9.Bd3 d6 10.O-O Bxc3 11.bxc3 Nbd7 12.Nd2 O-O 13.Ne4 Nxe4 14.Bxe4 Bxe4 15.Qxe4 Qc7
16.Rfd1 Ne5 17.Bf4 Rfd8 18.h3 f5 19.Qc2 Qc6 20.e4 Rf8 21.exf5 Rxf5 22.Be3 Ng6  1/2-1/2

[Event "Voronez"]
[Site "Voronez"]
[Date "1987.??.??"]
[Round "?"]
[White "Palatnik, Semon"]
[Black "Prandstetter, Eduard"]
[Result "0-1"]
[WhiteElo "2490"]
[BlackElo "2385"]

1.d4 e6 2.c4 Nf6 3.Nf3 b6 4.Nc3 Bb7 5.Bg5 Be7 6.Qc2 c5 7.dxc5 bxc5 8.e3 Nc6
9.Rd1 O-O 10.Be2 d6 11.O-O Qb8 12.Rd2 h6 13.Bh4 Rd8 14.Rfd1 a6 15.h3 Qc7
16.Bg3 Rd7 17.Ne1 Rad8 18.Bf3 Nb4 19.Qb1 Bxf3 20.Nxf3 Qb7 21.e4 Nc6 22.Qd3 Qb4
23.b3 Ne5 24.Bxe5 dxe5 25.Qc2 Rxd2 26.Rxd2 Rxd2 27.Qxd2 Qb7 28.Qd3 Nd7 29.Na4 Qc7
30.Ne1 Nb8 31.Qe3 Qd6 32.Nd3 Nd7 33.g3 Bg5 34.f4 Bf6 35.Kg2 exf4 36.gxf4 Bd4
37.e5 Qc7 38.Qe4 Qa5 39.Kf3 Nf8 40.Ke2 Qc7 41.b4 Nd7 42.Qa8+ Kh7 43.bxc5 Nxc5
44.Naxc5 Bxc5 45.Qxa6 Bd4 46.Qb5 Qa7 47.a4 Qa8 48.c5 Qg2+ 49.Kd1 Be3 50.Qb4 g6
51.Qc3 Qc6 52.a5 Qa4+ 53.Ke2 Bd4 54.Qb4 Qc2+ 55.Qd2 Qa4 56.Qb4 Qc2+ 57.Qd2 Qc4
58.Qc1 Qa2+ 59.Kf3 Qd5+ 60.Kg3 Qb3 61.Qf1 Bxc5 62.Qf3 Ba7 63.h4 h5 64.Ne1 Qb4
65.Qe2 Qxa5 66.Nf3 Qc3 67.Qd2 Qc5 68.Ne1 Kg7 69.Nf3 Bb6 70.Qb2 Qe3 71.Qc2 Bd8
72.Qg2 Be7 73.Qh1 Qd3 74.Qg2 Bc5 75.Qd2 Qf5 76.Nh2 Qe4 77.Qd1 Qe3+ 78.Qf3 Qg1+
79.Qg2 Bf2+ 80.Kf3 Qxg2+ 81.Kxg2 Bxh4 82.Nf3 Be7 83.Nd2 Kf8 84.Ne4 Ke8 85.Kf3 Kd7
86.Nf2 Kc6 87.Ke4 Kc5 88.Nd3+ Kc4 89.Ne1 Kc3 90.Nf3 h4 91.Ng1 Kd2 92.Kf3 Kd3
93.Nh3 Kd4 94.Nf2 g5 95.Ng4 gxf4 96.Kxf4 Bf8 97.Kg5 Bg7 98.Kxh4 Bxe5 99.Nh6 f5
100.Kg5 f4 101.Kg4 Ke3  0-1

[Event "Vrnjacka Banja"]
[Site "Vrnjacka Banja"]
[Date "1987.??.??"]
[Round "5"]
[White "Lukacs, Peter"]
[Black "Miralles, Gilles"]
[Result "1/2-1/2"]
[WhiteElo "2500"]
[BlackElo "2450"]

1.d4 Nf6 2.c4 e6 3.Nf3 b6 4.Nc3 Bb4 5.Bg5 Bb7 6.e3 h6 7.Bh4 c5 8.dxc5 Bxc5
9.Be2 O-O 10.O-O Be7 11.Nd4 a6 12.Bf3 Qc7 13.Rc1  1/2-1/2

[Event "Hoogovens-B"]
[Site "Wijk aan Zee"]
[Date "1987.??.??"]
[Round "?"]
[White "Farago, Ivan"]
[Black "Brenninkmeijer, Joris"]
[Result "1-0"]
[WhiteElo "2535"]
[BlackElo "2360"]

1.d4 Nf6 2.c4 e6 3.Nf3 b6 4.Nc3 Bb4 5.Bg5 h6 6.Bh4 Bb7 7.e3 c5 8.dxc5 Bxc5
9.Be2 O-O 10.O-O Be7 11.Nd4 Nc6 12.Ndb5 Ne8 13.Bg3 a6 14.Nd6 Nxd6 15.Bxd6 Bxd6
16.Qxd6 Ne7 17.Rfd1 Bc6 18.e4 Nc8 19.Qg3 f5 20.exf5 Rxf5 21.Qe3 Qc7 22.Bd3 Rf8
23.Be4 Ne7 24.Rac1 Bxe4 25.Nxe4 Nf5 26.Qd2 Qe5 27.Re1 Rad8 28.c5 Qb8 29.Red1 Qb7
30.Qe2 Rb8 31.b3 Rfd8 32.h3 a5 33.Rc2 Kh8 34.Rcd2 Rbc8 35.cxb6 d5 36.Qb5 Nd6
37.Nc5 Rxc5 38.Qxc5 Ne4 39.Qc7  1-0

[Event "Hoogovens-B"]
[Site "Wijk aan Zee"]
[Date "1987.??.??"]
[Round "?"]
[White "Piket, Jeroen"]
[Black "Riemersma, Liafbern"]
[Result "1/2-1/2"]
[WhiteElo "2405"]
[BlackElo "2395"]

1.d4 e6 2.c4 Nf6 3.Nf3 b6 4.Nc3 Bb7 5.a3 d5 6.cxd5 Nxd5 7.Qc2 Be7 8.e4 Nxc3
9.bxc3 O-O 10.Bd3 c5 11.O-O Nd7 12.Bf4 Qc8 13.Qe2 Re8 14.h3 Nf8 15.a4 Ng6
16.Bg3 Bd8 17.Bb5 Rf8 18.h4 Bc7 19.h5 Nf4 20.Bxf4 Bxf4 21.g3 Bd6 22.Rfd1 f5
23.dxc5 Qxc5 24.Nd4 fxe4 25.Nxe6 Qe5 26.Nxf8 Rxf8 27.Rxd6 Qxd6 28.Rd1 Qf6
29.Qe3 Bc8 30.h6 gxh6 31.Rd4 Bf5 32.Bc4+ Kh8 33.Bd5 Bg6 34.Bxe4 Re8 35.Qf3 Qe6
36.Bxg6 hxg6 37.Kg2 Kg7 38.Qf4 Re7 39.Rd6 Qe5 40.Qxe5+ Rxe5 41.Rd7+ Kf6 42.Rxa7 Rc5
43.Ra6 Rxc3 44.Rxb6+ Kf5 45.a5 Ra3 46.Rb5+ Kf6 47.g4 Ra4 48.Kg3 Ra3+ 49.f3 g5
50.Kf2 Kf7 51.Rb7+ Kf6 52.Rb6+ Kg7 53.a6 Kh7 54.Ke2 Kg7 55.Kd2 Rxf3 56.Kc2 Rg3
57.a7 Ra3 58.Rb7+ Kg6 59.Kb2 Ra6 60.Kb3 Ra1 61.Kc4 h5 62.Rb6+ Kg7 63.Rb7+ Kg6
64.Kb5 Rb1+ 65.Kc6 Ra1 66.gxh5+ Kxh5 67.Rh7+ Kg4 68.Kb7 Rb1+ 69.Kc8 Ra1 70.Kb8 Kf3
71.a8=B+ Rxa8+  1/2-1/2

[Event "Wch U20"]
[Site "Adelaide"]
[Date "1988.??.??"]
[Round "8"]
[White "Gelfand, Boris"]
[Black "Ballmann, Martin"]
[Result "1-0"]
[WhiteElo "2585"]
[BlackElo "2275"]

1.d4 Nf6 2.Nf3 e6 3.c4 b6 4.Nc3 Bb7 5.a3 d5 6.cxd5 Nxd5 7.Qc2 Be7 8.Bd2 O-O
9.e4 Nxc3 10.Bxc3 c5 11.dxc5 Bxc5 12.Bd3 a5 13.O-O Ba6 14.Rad1 Qe7 15.Bxa6 Rxa6
16.Rd3 b5 17.Rfd1 f6 18.h3 a4 19.e5 f5 20.Bd4 Rc6 21.Bxc5 Rxc5 22.Qd2 h6
23.Rd6 Rfc8 24.Qe3 R5c6 25.Qd3 Rc5 26.b4 axb3 27.Qxb3 Kf7 28.Qe3 R8c6 29.Qe2 Ra6
30.Rd8 Qc7 31.Nh4 g6 32.Qe3 Kg7 33.Rxb8 Rxe5 34.Rd7+  1-0

[Event "Wch U20"]
[Site "Adelaide"]
[Date "1988.??.??"]
[Round "11"]
[White "Piket, Jeroen"]
[Black "Gelfand, Boris"]
[Result "1/2-1/2"]
[WhiteElo "2495"]
[BlackElo "2585"]

1.d4 Nf6 2.Nf3 e6 3.c4 b6 4.Nc3 Bb7 5.a3 g6 6.d5 Bg7 7.g3 Na6 8.Bg2 Nc5 9.O-O O-O
10.Nd4 a5 11.Ndb5 Ne8 12.Be3 c6 13.dxc6 dxc6 14.Qxd8 Rxd8 15.Bxc5 bxc5 16.Rad1 Rc8
17.Rd7 Ba8 18.Na7 Rb8 19.Na4 Bxb2 20.Rb1 Nf6 21.Rd3 Be5 22.Rxb8 Rxb8 23.Bxc6 Bxc6
24.Nxc6 Rb1+ 25.Kg2 Bc7 26.Nxc5 Rc1 27.Nxa5 Bxa5 28.Nb3 Rxc4 29.Nxa5 Rc2
30.Kf3 h5 31.h3 g5 32.Rb3 g4+ 33.hxg4 hxg4+ 34.Ke3 Rc5 35.Nb7 Re5+ 36.Kd2 Ne4+
37.Kc1 Nxf2 38.a4 Rxe2 39.Ra3 Re1+ 40.Kc2 Re2+ 41.Kc1 Re1+  1/2-1/2

[Event "Akureyri"]
[Site "Akureyri"]
[Date "1988.??.??"]
[Round "?"]
[White "Thorsteins, Karl"]
[Black "Petursson, Margeir"]
[Result "0-1"]
[WhiteElo "2440"]
[BlackElo "2540"]

1.d4 Nf6 2.c4 e6 3.Nf3 b6 4.Nc3 Bb7 5.a3 d5 6.cxd5 Nxd5 7.e3 Nxc3 8.bxc3 g6
9.a4 Bg7 10.Ba3 Nd7 11.a5 c5 12.Bb5 O-O 13.a6 Bd5 14.c4 Bxf3 15.Qxf3 cxd4
16.Bxf8 Ne5 17.Qe2 d3 18.Bxg7 dxe2 19.Bxe5 Qd3 20.Bf6 e5 21.Bxe5 Rd8 22.Bd4 Qc2
23.f4 Rxd4 24.exd4 Qb2 25.Ra4 Qc1+ 26.Kxe2 Qxh1 27.Bc6 Qxh2 28.Kf3 Qh5+ 29.Ke3 Qg4
30.Bf3 Qe6+ 31.Kd3 Qf5+ 32.Ke3 Qc2 33.Bc6 h5 34.g3 Qc3+ 35.Kf2 Qxd4+ 36.Kg2 Qf6
37.Bb5 Qb2+ 38.Kh3 Kg7 39.Bc6 Kh6 40.c5 Qc2  0-1

[Event "Bad Woerishofen op"]
[Site "Bad Woerishofen"]
[Date "1988.??.??"]
[Round "3"]
[White "Garcia Palermo, Carlos"]
[Black "Meier, Volker"]
[Result "1-0"]
[WhiteElo "2505"]
[BlackElo "2295"]

1.d4 Nf6 2.c4 e6 3.Nf3 b6 4.Nc3 Bb4 5.Qb3 Qe7 6.g3 Bb7 7.Bg2 Nc6 8.O-O Bxc3
9.Qxc3 Ne4 10.Qb3 O-O 11.Rd1 d5 12.cxd5 Na5 13.Qc2 exd5 14.b3 Nc6 15.a3 a5
16.Bb2 f5 17.e3 g5 18.Ne5 Nxe5 19.dxe5 g4 20.Bxe4 fxe4 21.e6 h5 22.Qc3 Kh7
23.Rac1 Rac8 24.b4 a4 25.b5 Rf5 26.Qd4 h4 27.gxh4 Rg8 28.Rd2 Kh6 29.Qc3 c5
30.bxc6 Bc8 31.Qb4 Qxe6 32.Qxb6 Qd6 33.Qc5 Qd8 34.c7 Qxh4 35.Qd6+ Kh7 36.Be5 g3
37.fxg3 Qg5 38.Bf4 Qh5 39.Rc6 Rg7 40.Qh6+ Qxh6 41.Rxh6+ Kg8 42.Rd6 Rd7 43.Rxd7 Bxd7
44.Rd4  1-0

[Event "Badenweiler op"]
[Site "Badenweiler"]
[Date "1988.??.??"]
[Round "8"]
[White "Haberer, Michael"]
[Black "Schulze, Ulrich"]
[Result "0-1"]
[WhiteElo "2220"]
[BlackElo "2310"]

1.d4 Nf6 2.Nf3 e6 3.c4 b6 4.Nc3 Bb4 5.Qb3 Qe7 6.Bg5 Bb7 7.a3 Bxc3+ 8.Qxc3 h6
9.Bf4 d6 10.O-O-O Nbd7 11.e3 Nh5 12.Bd3 O-O-O 13.Rhe1 Nxf4 14.exf4 Qf6 15.Kb1 Qxf4
16.d5 e5 17.b4 Rhe8 18.Qc2 g6 19.Re4 Qf6 20.Qa4 Kb8 21.c5 dxc5 22.Bb5 Qd6
23.Bc6 cxb4 24.axb4 a5 25.Rd2 f5 26.Rc4 e4 27.Nd4 Ne5 28.Nb5 Bxc6 29.Rxc6 Qxb4+
30.Qxb4 axb4 31.Rxc7 Rd7 32.d6 Red8 33.Rd4 Nf7 34.Rxb4 Nxd6 35.Rxd7 Rxd7
36.Rd4 Kb7 37.Rxd6 Rxd6 38.Nxd6+ Kc6 39.Nf7 Kd7 40.Kc2 Ke6 41.Nxh6 Kf6 42.h4 Kg7
43.Nxf5+ gxf5 44.Kc3 Kg6 45.g3 Kh5 46.Kb4 f4 47.Kc4 e3 48.Kd3 exf2  0-1

[Event "Balatonbereny op"]
[Site "Balatonbereny"]
[Date "1988.??.??"]
[Round "3"]
[White "Roeder, Mathias"]
[Black "Kiss, Attila"]
[Result "1/2-1/2"]
[WhiteElo "2330"]
[BlackElo "2375"]

1.d4 Nf6 2.c4 e6 3.Nf3 b6 4.Nc3 Bb7 5.a3 d5 6.cxd5 Nxd5 7.Qc2 Nxc3 8.Qxc3 Nd7
9.Bg5 Be7 10.Bxe7 Kxe7 11.e3 Nf6 12.Rc1 Rc8 13.b4 Ne4 14.Qb2 Qd5 15.Ne5 Nf6
16.f3 Rhd8 17.Bc4 Qd6 18.O-O c6 19.Rfd1 Rc7 20.Be2 Kf8 21.Rc2 Rdc8 22.Qc1 c5
23.Nc4 Qe7 24.dxc5 bxc5 25.Nd6 Rd8 26.Nxb7 Rxd1+ 27.Bxd1 Rxb7 28.Rxc5 g6
29.Be2 Kg7 30.Qc3 h5 31.f4 Kh7 32.Bf3 Rd7 33.Rc8 Ne8  1/2-1/2

[Event "Barcelona"]
[Site "Barcelona"]
[Date "1988.??.??"]
[Round "?"]
[White "Campos Lopez, Mario"]
[Black "Estremera Panos, Sergio"]
[Result "1/2-1/2"]
[WhiteElo "2330"]
[BlackElo "2340"]

1.d4 Nf6 2.c4 e6 3.Nf3 b6 4.Nc3 Bb7 5.Bg5 Be7 6.e3 O-O 7.Bd3 h6 8.Bh4 d5
9.O-O Nbd7 10.Rc1 dxc4 11.Bxc4 c5 12.Bg3 Nh5  1/2-1/2

[Event "Barcelona Vulca"]
[Site "Barcelona"]
[Date "1988.??.??"]
[Round "9"]
[White "Bellon Lopez, Juan Manuel"]
[Black "Garcia Martinez, Silvino"]
[Result "1/2-1/2"]
[WhiteElo "2445"]
[BlackElo "2405"]

1.d4 Nf6 2.c4 e6 3.Nf3 b6 4.Nc3 Bb7 5.Qc2 Bb4 6.Bg5 h6 7.Bh4 a5 8.e3 d6 9.O-O-O Bxc3
10.Qxc3 g5 11.Bg3 Ne4 12.Qc2 Nd7  1/2-1/2

[Event "URS-ch otbor56"]
[Site "Barnaul"]
[Date "1988.??.??"]
[Round "?"]
[White "Kengis, Edvins"]
[Black "Epishin, Vladimir"]
[Result "1/2-1/2"]
[WhiteElo "2470"]
[BlackElo "2475"]

1.d4 Nf6 2.c4 e6 3.Nf3 b6 4.Nc3 Bb7 5.a3 d5 6.cxd5 Nxd5 7.e3 Be7 8.Bb5+ c6
9.Bd3 O-O 10.O-O c5 11.Nxd5 exd5 12.b3 Nd7 13.Bb2 Bf6 14.Qe2 Qe7 15.Rfd1 Rfd8
16.Rac1 g6 17.a4 Rac8 18.Bb5 Nf8 19.Ba3 Ne6 20.Rc2 Rc7 21.Ba6 Kg7 22.Bxb7 Rxb7
23.h3 Qe8 24.Bb2 Rc7 25.dxc5 Bxb2 26.Rxb2 bxc5 27.Rbd2 Kg8 28.Qa6 d4 29.Qa5 Rcd7
30.Qb5 Rb8 31.Qc4 Rc7 32.Ne5 Qe7 33.Re1 Qg5 34.Nf3 Qd8 35.Qc2 Qd5 36.exd4 cxd4
37.Qd1 Qxb3 38.Qxb3  1/2-1/2

[Event "URS-ch otbor56"]
[Site "Barnaul"]
[Date "1988.??.??"]
[Round "?"]
[White "Khenkin, Igor"]
[Black "Vyzmanavin, Alexey"]
[Result "1-0"]
[WhiteElo "2340"]
[BlackElo "2565"]

1.d4 Nf6 2.c4 e6 3.Nf3 b6 4.Nc3 Bb7 5.a3 d5 6.cxd5 Nxd5 7.Qc2 Be7 8.Bd2 Nd7
9.e4 N5f6 10.O-O-O O-O 11.Bd3 h6 12.Kb1 c5 13.d5 exd5 14.exd5 Bd6 15.g4 Ne5
16.Nxe5 Bxe5 17.g5 hxg5 18.Bxg5 Bxc3 19.Qxc3 Nxd5 20.Bh7+ Kxh7 21.Qh3+ Kg8
22.Bxd8 Raxd8 23.Rhg1 Nf4 24.Qg4 Ne6 25.Ka1 Rxd1+ 26.Rxd1 Nd4 27.Rg1 g6 28.h4 Bc8
29.Qg2 Nc2+ 30.Ka2 Be6+ 31.b3 Rd8 32.Qe4 Nd4 33.h5 Bxb3+ 34.Kb2 Bc2 35.Qe7 Rd5
36.Qe8+ Kg7 37.h6+  1-0

[Event "Beersheba"]
[Site "Beersheba"]
[Date "1988.??.??"]
[Round "?"]
[White "Lev, Ronen"]
[Black "Greenfeld, Alon"]
[Result "1-0"]
[WhiteElo "2390"]
[BlackElo "2510"]

1.d4 Nf6 2.c4 e6 3.Nf3 b6 4.Nc3 Bb4 5.Qc2 Bb7 6.a3 Bxc3+ 7.Qxc3 d6 8.g3 a5
9.b3 O-O 10.Bg2 Nbd7 11.O-O Qe7 12.Bb2 Be4 13.Rad1 c6 14.Rfe1 b5 15.Nd2 Bxg2
16.Kxg2 e5 17.Qe3 e4 18.d5 cxd5 19.cxb5 a4 20.bxa4 Rxa4 21.Nb1 Ne5 22.Qb3 Rc4
23.Nd2 Rcc8 24.Nf1 Rc5 25.Ne3 Nfg4 26.Bd4 Nxe3+ 27.Bxe3 Rc4 28.Rxd5 Qe6 29.Red1 Rcc8
30.b6 Rb8 31.Qb5 Ng4 32.Rxd6 Nxe3+ 33.fxe3 Qa2 34.a4 Ra8 35.b7 Rab8 36.Kf2  1-0

[Event "GMA-Open"]
[Site "Belgrade"]
[Date "1988.??.??"]
[Round "?"]
[White "Janjgava, Lasha"]
[Black "Rodriguez, Amador"]
[Result "1/2-1/2"]
[WhiteElo "2470"]
[BlackElo "2550"]

1.d4 Nf6 2.c4 e6 3.Nf3 b6 4.Nc3 Bb7 5.a3 d5 6.cxd5 Nxd5 7.Qc2 Be7 8.e4 Nxc3
9.bxc3 O-O 10.Bd3 c5 11.O-O Qc8 12.Qe2 Ba6 13.Rd1 Bxd3 14.Rxd3 Nd7 15.Bf4 Re8
16.Ne5 cxd4 17.cxd4 Nxe5 18.Bxe5 Qd7 19.Rad1 Bd6 20.Bxd6 Qxd6 21.Rc3 Rac8
22.Qc2 Qd7 23.h3 h6 24.d5 Rxc3 25.Qxc3 Rc8  1/2-1/2

[Event "GMA-Open"]
[Site "Belgrade"]
[Date "1988.??.??"]
[Round "?"]
[White "Flear, Glenn C"]
[Black "Van der Wiel, John TH"]
[Result "1/2-1/2"]
[WhiteElo "2470"]
[BlackElo "2540"]

1.d4 Nf6 2.c4 e6 3.Nf3 b6 4.Nc3 Bb4 5.Bg5 h6 6.Bh4 Bb7 7.Qc2 Be4 8.Qb3 Nc6
9.e3 a5 10.Nd2 a4 11.Nxa4 Bxd2+ 12.Kxd2 Na5 13.Qb4 Nc6 14.Qb3 Na5 15.Qb4 Bc6
16.Nc3 Ne4+ 17.Nxe4 Qxh4 18.Ng3 f5 19.Ke1 f4 20.exf4 Qxf4 21.Rd1 Nb7 22.Ne2 Qf7
23.Nc3 d6 24.Qb3 O-O 25.Qc2 d5 26.cxd5 Bxd5 27.f3 Nd6 28.Bd3 Kh8 29.a3 Qf4
30.Qf2 Rae8 31.Rd2 Bc4 32.Bg6 Rd8 33.h4 Nf5 34.Bxf5 exf5 35.Kd1 b5 36.Kc2 Qd6
37.b3 Bf7 38.Ra1 b4 39.axb4 Qxb4 40.d5 Rb8 41.Rb1  1/2-1/2

[Event "GMA-Open"]
[Site "Belgrade"]
[Date "1988.??.??"]
[Round "?"]
[White "Dokhoian, Yury"]
[Black "Naumkin, Igor"]
[Result "1/2-1/2"]
[WhiteElo "2520"]
[BlackElo "2440"]

1.d4 e6 2.c4 Nf6 3.Nf3 b6 4.Nc3 Bb7 5.a3 d5 6.cxd5 exd5 7.g3 Be7 8.Qa4+ c6
9.Bf4 O-O 10.Bg2 Nbd7 11.Rd1 Nh5 12.Bc1 Bd6 13.O-O Re8 14.e4 dxe4 15.Ng5 Nhf6
16.Ngxe4 Nxe4 17.Nxe4 Be7 18.Bf4 a5 19.Rfe1 h6 20.Re3 Nf8 21.d5 cxd5 22.Nc3 Bc5
23.Bxd5 Bxd5 24.Rxd5 Rxe3 25.Bxe3 Qe7 26.Qc6 Rb8 27.Rd3 Bxe3 28.Rxe3 Ne6
29.Nd5 Qc5 30.Rc3 Qd4 31.Ne7+ Kh8 32.Qd5  1/2-1/2

[Event "GMA-Open"]
[Site "Belgrade"]
[Date "1988.??.??"]
[Round "?"]
[White "Rashkovsky, Nukhim N"]
[Black "Chernin, Alexander"]
[Result "0-1"]
[WhiteElo "2500"]
[BlackElo "2565"]

1.d4 Nf6 2.c4 e6 3.Nf3 b6 4.Nc3 Bb7 5.a3 d5 6.cxd5 Nxd5 7.Qc2 Nxc3 8.bxc3 Nd7
9.e4 c5 10.Bf4 cxd4 11.cxd4 Rc8 12.Qb3 Be7 13.Bd3 Nf6 14.Qb5+ Qd7 15.Ne5 Qxb5
16.Bxb5+ Kf8 17.f3 Ne8 18.Nd7+ Kg8 19.O-O g5 20.Bg3 Nd6 21.a4 Kg7 22.Be5+ f6
23.Bxd6 Bxd6 24.a5 a6 25.axb6 axb5 26.Ra7 Rb8 27.Rc1 b4 28.e5 fxe5 29.dxe5 Be7
30.Nxb8 Rxb8 31.Rc7 b3 32.Rc3 Kg6 33.Rxb3 Bc5+ 34.Kf1 Bd5 35.Rb1 Bc4+ 36.Ke1 Bxb6
37.Raa1 g4 38.fxg4 Rf8 39.Kd2 Bd4 40.Ra4 Rf2+ 41.Kd1 Bd3  0-1

[Event "GMA-Open"]
[Site "Belgrade"]
[Date "1988.??.??"]
[Round "?"]
[White "Savchenko, Stanislav"]
[Black "Palac, Mladen"]
[Result "0-1"]
[WhiteElo "2480"]
[BlackElo "2335"]

1.d4 Nf6 2.c4 e6 3.Nf3 b6 4.Nc3 Bb7 5.a3 d5 6.cxd5 Nxd5 7.Qc2 Nxc3 8.bxc3 Be7
9.e3 c5 10.Bb5+ Bc6 11.Bd3 Nd7 12.O-O Qc7 13.Bb2 Qb7 14.Qe2 O-O 15.e4 c4
16.Bc2 Rfe8 17.a4 a6 18.Ba3 Bxa3 19.Rxa3 b5 20.Nd2 f5 21.Rb1 Nf6 22.Nxc4 Qe7
23.axb5 Bxb5 24.Rba1 Qc7 25.Bb3 Rac8 26.Ra4 Nxe4 27.Rb4 Nxc3 28.Qe5 Nd5 29.Nd6 Nxb4
30.Bxe6+ Kh8 31.g3 Nd3 32.Qd5 Red8 33.Nxb5 axb5 34.Qxb5 Qc2 35.Rf1 Rb8 36.Qxf5 Rf8
37.Bf7 Rb7 38.Ra1 h6 39.Bb3 Qxf2+ 40.Qxf2 Nxf2  0-1

[Event "Belgrade (Women)"]
[Site "Belgrade"]
[Date "1988.??.??"]
[Round "8"]
[White "Petek Medic, Mirjana"]
[Black "Gurieli, Nino"]
[Result "1-0"]
[WhiteElo "2300"]
[BlackElo "2380"]

1.d4 Nf6 2.c4 e6 3.Nf3 b6 4.Nc3 Bb4 5.Qc2 Bb7 6.Bg5 h6 7.Bh4 O-O 8.a3 Bxc3+
9.bxc3 c5 10.e3 d6 11.Be2 Nbd7 12.O-O Qe7 13.Nd2 Rac8 14.Rac1 e5 15.d5 Ra8
16.Rb1 Rfe8 17.e4 g5 18.Bg3 Nf8 19.Rfe1 Ng6 20.Nf1 Nf4 21.Ne3 Bc8 22.a4 Bd7
23.Bd1 Kh8 24.h3 Rg8 25.Ng4 h5 26.Nxf6 Qxf6 27.f3 Rg6 28.Kf2 Rag8 29.Rh1 Rh6
30.Be2 g4 31.hxg4 hxg4 32.Rbg1 gxf3 33.Bxf3 Rg6 34.Qd1 Kg8 35.Bxf4 exf4 36.Qc2 Qg5
37.Ke1 Bg4 38.Qf2 Rxh1 39.Rxh1 Qe5 40.Kd2 Bxf3 41.gxf3 Rg3 42.Kc2 Kf8 43.Kb3 Ke7
44.Rh7 Qg5 45.Rh8 Kf6 46.Qf1 Ke7 47.Qh1 Rg1 48.Qh4 Rb1+ 49.Kc2 Qxh4 50.Rxh4 Ra1
51.Kb3 Rf1 52.Rxf4 Rf2 53.Rf5 Kf8 54.f4 Ke7 55.a5 bxa5 56.Ka4 Ra2+ 57.Kb5 Rb2+
58.Kc6 Rb6+ 59.Kc7 f6 60.e5 a4 61.Rxf6 a3 62.exd6+ Kxf6 63.d7 a2 64.d8=Q+ Kg6
65.Qe8+ Kf6 66.Qa4  1-0

[Event "Berlin op"]
[Site "Berlin-West"]
[Date "1988.??.??"]
[Round "1"]
[White "Ungureanu, Emil"]
[Black "Balashov, Yuri S"]
[Result "1/2-1/2"]
[WhiteElo "2355"]
[BlackElo "2540"]

1.d4 Nf6 2.c4 e6 3.Nf3 b6 4.Nc3 Bb7 5.Bg5 h6 6.Bh4 g5 7.Bg3 Nh5 8.e3 Nxg3
9.fxg3 Bg7 10.g4 h5 11.Nd2 hxg4 12.Qxg4 f5 13.Qg3 d6 14.O-O-O Qe7 15.Be2 Nc6
16.Nb3 O-O-O 17.Qf2 Rdf8 18.h3 Kb8 19.Kb1 Qf6 20.Rhf1 Qh6 21.a3 Qh4 22.Qg1 e5
23.d5 Ne7 24.e4 Bc8 25.c5 fxe4 26.cxd6 cxd6 27.Na5 e3 28.Qxe3 Rxf1 29.Rxf1 Rf8
30.Nc6+ Nxc6 31.dxc6 Rxf1+ 32.Bxf1 Qf4 33.Qxf4 exf4 34.Nd5 Be6 35.Bc4 b5
36.Bb3 a5 37.a4 bxa4 38.Bc4 Bd4 39.Ka2 Bc5 40.Ka1  1/2-1/2

[Event "Berlin op"]
[Site "Berlin-West"]
[Date "1988.??.??"]
[Round "4"]
[White "Zlatilov, Ivailo"]
[Black "Wilde, Pierre"]
[Result "1-0"]
[WhiteElo "2365"]
[BlackElo "2300"]

1.d4 Nf6 2.Nf3 e6 3.c4 b6 4.Nc3 Bb4 5.Qb3 Qe7 6.a3 Bxc3+ 7.Qxc3 Ne4 8.Qc2 Bb7
9.e3 O-O 10.Bd3 f5 11.O-O d6 12.Nd2 Nxd2 13.Bxd2 Nd7 14.f3 Qf6 15.Rae1 e5
16.Bc3 Qg6 17.Qa4 Qe6 18.e4 f4 19.c5 d5 20.Bb5 c6 21.exd5 cxb5 22.dxe6 bxa4
23.exd7 exd4 24.Bxd4 Bc6 25.cxb6 axb6 26.Re7 Rf7 27.Rfe1 Bxd7 28.Rxf7 Kxf7
29.Bxg7 Rc8 30.Bc3 Rc4 31.Kf2 b5 32.Re5 h6 33.Rh5 b4 34.Bxb4 Rc2+ 35.Kf1 Rc1+
36.Be1 Be6 37.Rh4 Bc4+ 38.Kf2 Rc2+ 39.Kg1 Ke6 40.Rxf4 Bb5 41.Re4+ Kd5 42.Bc3 Rc1+
43.Be1 Rb1 44.h4 h5 45.Re7 Rxb2 46.g4 hxg4 47.fxg4 Be2 48.g5 Bf3 49.Re3 Rb3
50.Rxb3 axb3 51.Bc3 Bh5 52.Kf2 Ke4  1-0

[Event "Berlin op"]
[Site "Berlin-West"]
[Date "1988.??.??"]
[Round "4"]
[White "Maksimovic, Branimir"]
[Black "Groszpeter, Attila"]
[Result "0-1"]
[WhiteElo "2435"]
[BlackElo "2510"]

1.d4 Nf6 2.c4 e6 3.Nf3 b6 4.Nc3 Bb7 5.a3 d5 6.cxd5 Nxd5 7.e3 g6 8.h4 Bg7
9.h5 Nd7 10.Bd3 Nxc3 11.bxc3 Rc8 12.e4 Nc5 13.hxg6 Nxd3+ 14.Qxd3 hxg6 15.Rxh8+ Bxh8
16.Bf4 Bg7 17.Kd2 c5 18.Rh1 cxd4 19.cxd4 Kf8 20.Rh7 Kg8 21.Ng5 Qf6 22.Qe3 Rd8
23.e5 Qf5 24.f3 Qb1 25.Ke2 Qb2+ 26.Qd2 Qxd4 27.Qxd4 Rxd4 28.Be3 Ra4 29.Rh1 Bxe5
30.Rd1 Bd5 31.Bc1 Rc4 32.Kf2 Rc2+ 33.Kg1 Ra2  0-1

[Event "Berlin op"]
[Site "Berlin-West"]
[Date "1988.??.??"]
[Round "6"]
[White "Barlov, Dragan"]
[Black "Petran, Pal"]
[Result "1/2-1/2"]
[WhiteElo "2485"]
[BlackElo "2425"]

1.d4 Nf6 2.Nf3 e6 3.c4 b6 4.Nc3 Bb7 5.a3 d5 6.cxd5 Nxd5 7.Qc2 Nxc3 8.bxc3 Nd7
9.e4 c5 10.Bd3 Qc7 11.Bb2 cxd4 12.cxd4 Qxc2 13.Bxc2 Be7 14.Bd3 O-O 15.Ke2 Rac8
16.a4 Nb8 17.Rhb1 Rfd8 18.Ke3 Bb4 19.Rc1 Rxc1 20.Rxc1 Rc8 21.Rxc8+ Bxc8 22.d5 exd5
23.exd5 Bb7 24.Bc4 Nd7 25.Ne5 Bc5+ 26.Ke2 Nxe5 27.Bxe5 Kf8 28.f3 f6 29.Bb8 a5
30.h3 Ke7 31.Bf4 Bd6 32.Bc1 Bc8 33.Bb5 Bb7 34.Bc4  1/2-1/2

[Event "Biel-B"]
[Site "Biel"]
[Date "1988.??.??"]
[Round "2"]
[White "Litinskaya, Marta I"]
[Black "Franzoni, Giancarlo"]
[Result "0-1"]
[WhiteElo "2400"]
[BlackElo "2435"]

1.d4 Nf6 2.c4 e6 3.Nf3 b6 4.Nc3 Bb4 5.Qb3 c5 6.dxc5 Bxc5 7.Bg5 Bb7 8.e3 Nc6
9.a3 Be7 10.Rd1 O-O 11.Be2 Rc8 12.Qa2 a6 13.O-O Qc7 14.Rc1 Na5 15.Nd2 h6
16.Bf4 d6 17.Rfd1 Qb8 18.e4 Nc6 19.Be3 Nd7 20.b4 Bf6 21.Nb3 Nce5 22.Nd2 Ng6
23.Ndb1 Be5 24.Qd2 Nf6 25.f4 Bxc3 26.Nxc3 Nxe4 27.Nxe4 Bxe4 28.Qxd6 Qa8 29.Bf1 Nh4
30.Qd2 b5 31.Qf2 Ng6 32.cxb5 axb5 33.Bxb5 Qxa3 34.Bc5 Rfd8 35.Bf1 Qa8 36.Ra1 Qc6
37.Ra6 Rxd1 38.Rxc6 Bxc6 39.Qe2 Rcd8 40.Qa6 Be4 41.Kf2 Nxf4 42.Bc4 Bd3 43.Be3 Bxc4
44.Qxc4 Nd5 45.Bxh6 Nf6 46.Be3 Nd5 47.Bh6 Nf6 48.Be3 Rb1 49.b5 Nd5 50.Bd4 Rb4
51.Qc5 Nf4  0-1

[Event "Bielsko Biala"]
[Site "Bielsko Biala"]
[Date "1988.??.??"]
[Round "4"]
[White "Schulte, Oliver"]
[Black "Gizynski, Tomasz"]
[Result "0-1"]
[WhiteElo "2440"]
[BlackElo "2325"]

1.d4 Nf6 2.c4 e6 3.Nf3 b6 4.Nc3 Bb7 5.Qc2 Bb4 6.Bg5 h6 7.Bh4 g5 8.Bg3 Ne4
9.e3 Bxc3+ 10.bxc3 d6 11.Bd3 f5 12.d5 Nd7 13.Bxe4 fxe4 14.Qxe4 Qf6 15.O-O O-O-O
16.Rad1 Rde8 17.Qc2 Ba6 18.Rfe1 Bxc4 19.Qa4 Bxd5 20.e4 Nc5 21.Qxa7 Nxe4 22.Nd4 Nxg3
23.hxg3 Rhf8 24.f3 Bb7 25.Nb5 Qf5 26.Qa4 Qc5+ 27.Kh1 g4 28.f4 Re7 29.Rd4 Rf5
30.Rb1 Rh5+ 31.Kg1 Rd5 32.Kf1 e5 33.Rc4 Qe3 34.Nxc7 Qd3+ 35.Kf2 Qd2+ 36.Kf1 Rc5
37.Rxc5 Qxg2+ 38.Ke1 exf4+ 39.Ne6+ dxc5 40.Rxb6 Qd5 41.Qxf4 Rxe6+ 42.Rxe6 Qxe6+
43.Kf1 Ba6+ 44.Kg1 Qe1+ 45.Kh2 Qe2+ 46.Kg1 Qf3  0-1

[Event "US op"]
[Site "Boston"]
[Date "1988.??.??"]
[Round "?"]
[White "Stone, Raymond"]
[Black "Rizzitano, James"]
[Result "1/2-1/2"]
[WhiteElo "2415"]
[BlackElo "2435"]

1.d4 Nf6 2.c4 e6 3.Nf3 b6 4.Nc3 Bb4 5.Bg5 h6 6.Bh4 Bb7 7.e3 Bxc3+ 8.bxc3 d6
9.Nd2 g5 10.Bg3 Nbd7 11.h4 Rg8 12.hxg5 hxg5 13.Qa4 Kf8 14.O-O-O Qe7 15.f3 e5
16.e4 c5 17.dxe5 Nxe5 18.Be2 Bc6 19.Qc2 Ng6 20.Nf1 Nf4 21.Rd2 Qe5 22.Kb2 a6
23.Ne3 b5 24.Nf5 b4 25.Rxd6 bxc3+ 26.Ka3 Bd7 27.Rh6 Bxf5 28.Rhxf6 Rg6 29.Rxg6 Bxg6
30.Rd3 Qb8 31.Qxc3 Qb4+ 32.Qxb4 cxb4+ 33.Kxb4 Nxe2 34.Bd6+ Ke8 35.c5 Rc8
36.Ka5 Rc6 37.Rb3 Nd4 38.Rb7 Ne6 39.Kb4 g4 40.Kc4 gxf3 41.gxf3 Bh5 42.Kd5 Rc8
43.c6 Bxf3 44.Re7+ Kd8 45.Rd7+ Ke8 46.Re7+ Kd8  1/2-1/2

[Event "Buenos Aires"]
[Site "Buenos Aires"]
[Date "1988.??.??"]
[Round "?"]
[White "Franco Ocampo, Zenon"]
[Black "Najdorf, Miguel"]
[Result "1/2-1/2"]
[WhiteElo "2425"]
[BlackElo "2465"]

1.Nf3 Nf6 2.c4 e6 3.d4 b6 4.Nc3 Bb7 5.a3 d5 6.cxd5 Nxd5 7.Qc2 Nxc3 8.bxc3 c5
9.e3 Nc6 10.Bd3 h6 11.Bb2 Be7 12.Rd1 cxd4 13.cxd4 O-O 14.O-O a6  1/2-1/2

[Event "ARG-ch"]
[Site "Buenos Aires"]
[Date "1988.??.??"]
[Round "?"]
[White "Casafus, Ruben"]
[Black "Soppe, Guillermo"]
[Result "1-0"]
[WhiteElo "2370"]
[BlackElo "2435"]

1.d4 Nf6 2.Nf3 e6 3.c4 b6 4.Nc3 Bb7 5.Bg5 Bb4 6.Qc2 h6 7.Bh4 O-O 8.e3 d6
9.Be2 Nbd7 10.O-O Bxc3 11.bxc3 Qe8 12.Nd2 e5 13.Rae1 c5 14.Bd3 Rc8 15.d5 b5
16.Bf5 g5 17.Bg3 bxc4 18.e4 Nb6 19.h4 Nh5 20.hxg5 hxg5 21.Qd1 Ng7 22.Qg4 Qe7
23.f4 exf4 24.Bxf4 f6 25.Qh3 Nxf5 26.exf5 Qg7 27.Bxg5 fxg5 28.Re6 Rf6 29.Rxf6 Qxf6
30.Ne4 Qe5 31.Qg4 Nxd5 32.f6 Nf4 33.Rxf4 Qxf4 34.Qd7  1-0